|
|
|
|
| LEADER |
00000nab a2200000 a 4500 |
| 001 |
vtls010705605 |
| 003 |
SK-MaSNL |
| 005 |
20260304191647.0 |
| 008 |
250709s1952 xo |||||||||||||||||slo| |
| 035 |
|
|
|a (urnnbn)urn:nbn:sk:snk:ar-a04034
|
| 035 |
|
|
|a (uuid)4d447b88-ae61-438d-a787-8c0707c9be0e
|
| 035 |
|
|
|a urn:nbn:sk:snk-ab3a47
|
| 040 |
|
|
|a SNKBUCL
|b slo
|c SNKBUCL
|e AACR2
|
| 041 |
0 |
|
|a slo
|
| 044 |
|
|
|a xo
|c SK
|
| 100 |
1 |
|
|a Libíková, Helena
|4 aut
|9 1115443
|
| 245 |
1 |
0 |
|a KOMPARATÍVNE ŠTÚDIUM POVAHY VÍRUSU MORU SLIEPOK NA SLOVENSKU
|c Helena Libíková
|
| 773 |
0 |
|
|t Veterinársky sborník
|g Roč. 1, č. 1-2 (1952), s. 48-[58]
|
| 850 |
|
|
|a Slovenská národná knižnica
|
| 852 |
|
|
|a Slovenská národná knižnica
|
| 954 |
|
|
|a odborná, vedecká literatúra pôvodná (slovenská)
|2 lita
|
| 958 |
|
|
|a article1
|
| 958 |
|
|
|a OND
|
| 958 |
|
|
|a EUIPO
|
| 999 |
|
|
|c 3055708
|d 3057638
|